[Event "Beijing Sportaccord blitz (Women)"]
[Site "Beijing"]
[Date "2014.12.13"]
[Round "6"]
[White "Stefanova, Antoaneta"]
[Black "Cramling, Pia"]
[Result "1-0"]
[WhiteElo "2517"]
[BlackElo "2518"]
[PlyCount "83"]
[EventDate "2014.12.13"]
[EventType "tourn (blitz)"]
[EventRounds "30"]
[EventCountry "CHN"]
[EventCategory "12"]
[SourceTitle "CBM 163 Extra"]
[Source "ChessBase"]
[SourceDate "2014.12.23"]
[SourceVersion "1"]
[SourceVersionDate "2014.12.23"]
[SourceQuality "1"]

1. Nf3 Nf6 2. g3 b5 3. Bg2 Bb7 4. O-O e6 5. d3 d5 6. Nbd2 c5 7. e4 Be7 8. e5 Nfd7 9. Re1 Nc6 10. Nf1 ({RR} 10. Qe2 g5 11. h3 h5 12. Nf1 g4 13. hxg4 hxg4 14. N3h2 Ncxe5 15. Nxg4 Nxg4 16. Qxg4 Qb6 17. a4 b4 18. a5 Qd6 19. c4 Bf6 20. Bf4 e5 21. Bd2 O-O-O 22. a6 Bc6 23. Ne3 dxc4 24. Nxc4 Qc7 {Mchedlishvili,M (2632)-Moiseenko,A (2707) Dubai 2014 1-0 (44)}) 10... g5 ({RR} 10... a5 11. h4 h6 12. h5 a4 13. a3 Qb6 14. Bf4 Bd8 15. Ne3 d4 16. Nf1 Bc7 17. Qe2 Ne7 18. g4 Bd5 19. N1d2 b4 20. Ne4 Nc6 21. c4 bxc3 22. bxc3 Na5 23. c4 Bc6 24. Rab1 Nb3 25. g5 {Deak-Sala,E (2112)-Schneider,J (2251) Rhodes GRE 2025 ½-½}) ({RR} 10... Qc7 11. Qe2 b4 12. h4 a5 13. a4 Rc8 14. Bf4 O-O 15. h5 Rfe8 16. N1h2 Qd8 17. Ng4 h6 18. Qd2 Bf8 19. Ngh2 f6 20. exf6 Nxf6 21. g4 Bd6 22. Ne5 Bxe5 23. Bxe5 Nxe5 24. Rxe5 Nd7 25. Re2 {Stefanova,A (2517)-Koneru,H (2581) Beijing 2014 0-1 (38)}) 11. h3 h5 12. N1h2 $146 ({RR} 12. c3 g4 13. hxg4 hxg4 14. N3h2 Ncxe5 15. d4 Nf3+ 16. Nxf3 gxf3 17. Qxf3 cxd4 18. cxd4 Nf6 19. Bf4 Ne4 20. Rac1 Bd6 21. Nd2 Qb8 22. Bxd6 Qxd6 23. Nb3 Rd8 24. Nc5 Ba8 25. Rc2 Kf8 26. Rec1 Rh6 {Stein,L-Kozomara,V Sarajevo 1967 1-0}) 12... Rg8 13. g4 h4 14. c3 Qc7 15. d4 c4 16. Bd2 a5 17. Qc1 Qd8 18. b3 Rb8 19. Nf1 Ba6 20. Rb1 cxb3 21. axb3 Rc8 22. Ne3 Qb6 23. Nc2 Qd8 24. Bf1 Nf8 25. Ra1 Kd7 26. Bd3 Ra8 27. Be3 Kc8 28. Na3 Bxa3 29. Rxa3 Kb7 30. Bxg5 Qb6 31. Bxh4 Ng6 32. Bg3 b4 33. Bxa6+ Rxa6 34. Ra1 Rc8 35. Re3 Raa8 36. Qd2 bxc3 37. Rxc3 Nb4 38. Rac1 Qd8 39. Rc5 Qb6 40. Rxc8 Rxc8 41. Rxc8 Kxc8 42. h4 1-0

[Event "Beijing Sportaccord blitz (Women)"]
[Site "Beijing"]
[Date "2014.12.14"]
[Round "14"]
[White "Khotenashvili, Bela"]
[Black "Muzychuk, Anna"]
[Result "1-0"]
[WhiteElo "2504"]
[BlackElo "2545"]
[PlyCount "85"]
[EventDate "2014.12.13"]
[EventType "tourn (blitz)"]
[EventRounds "30"]
[EventCountry "CHN"]
[EventCategory "12"]
[SourceTitle "CBM 163 Extra"]
[Source "ChessBase"]
[SourceDate "2014.12.23"]
[SourceVersion "1"]
[SourceVersionDate "2014.12.23"]
[SourceQuality "1"]

1. g3 c5 2. Bg2 Nc6 3. Nf3 g6 4. O-O Bg7 5. e4 e5 6. Nc3 Nge7 7. d3 O-O 8. Nd5 d6 9. c3 h6 10. Nxe7+ ({RR} 10. Re1 Be6 11. Nxe7+ Qxe7 12. Be3 f5 13. Qd2 f4 14. gxf4 Bg4 15. h3 Bxf3 16. Bxf3 exf4 17. Bxf4 Qf6 18. Bxh6 Qxf3 19. Bxg7 Kxg7 20. Re3 Qf4 21. Qe2 Ne5 22. Rg3 Nf3+ 23. Kh1 Nh4 24. Kg1 Rf6 {Krivenko,D (2258)-Palencia,W (2180) chess.com INT 2024 0-1 (54)}) 10... Qxe7 11. Nh4 $146 ({RR} 11. Be3 f5 12. Nh4 Kh7 13. exf5 gxf5 14. f4 Bf6 15. Nf3 e4 16. dxe4 fxe4 17. Nd2 Bf5 18. g4 d5 19. gxf5 d4 20. Nxe4 dxe3 21. Nxf6+ Rxf6 22. Qf3 Re8 23. Rae1 Rd6 24. Re2 Nd8 25. Rfe1 Rd3 {Solar,D (1800)-Metivier,N (1941) Montreal 2001 1-0 (38)}) 11... Kh7 12. Be3 Be6 13. Qd2 Rad8 14. Rae1 d5 15. Qc2 dxe4 16. dxe4 Bc4 17. Nf3 Bxf1 18. Bxf1 Na5 19. h4 h5 20. Qa4 Qc7 21. b4 cxb4 22. cxb4 Nc6 23. Rc1 Qd7 24. b5 Nd4 25. Ng5+ Kg8 26. Qxa7 Nxb5 27. Qb6 Nd4 28. Rc7 Qd6 29. Qxd6 Rxd6 30. Rxb7 Rc8 31. Kg2 f6 32. Nf3 Nxf3 33. Kxf3 Rc3 34. Kg2 f5 35. a4 fxe4 36. a5 Rxe3 37. fxe3 Rd2+ 38. Kh3 Bh6 39. Rb3 Kg7 40. a6 Ra2 41. Bc4 Ra1 42. Rb7+ Kf6 43. Rf7# 1-0

[Event "Beijing Sportaccord blitz (Women)"]
[Site "Beijing"]
[Date "2014.12.15"]
[Round "29"]
[White "Ju, Wenjun"]
[Black "Stefanova, Antoaneta"]
[Result "1-0"]
[WhiteElo "2568"]
[BlackElo "2517"]
[PlyCount "89"]
[EventDate "2014.12.13"]
[EventType "tourn (blitz)"]
[EventRounds "30"]
[EventCountry "CHN"]
[EventCategory "12"]
[SourceTitle "CBM 163 Extra"]
[Source "ChessBase"]
[SourceDate "2014.12.23"]
[SourceVersion "1"]
[SourceVersionDate "2014.12.23"]
[SourceQuality "1"]

1. g3 d5 2. Bg2 e5 3. d3 Nc6 4. Nf3 Nf6 5. O-O h6 6. e4 dxe4 7. dxe4 Qxd1 8. Rxd1 Bg4 ({RR} 8... Bc5 9. Nc3 Bd7 10. h3 O-O-O 11. Be3 Bxe3 12. fxe3 Be6 13. Kf2 Nd7 14. a3 Nb6 15. Bf1 f6 16. b3 Rxd1 17. Rxd1 Rd8 18. Rxd8+ Nxd8 19. g4 c6 20. Nh4 Kc7 21. Nf5 Bxf5 22. exf5 Nf7 23. Bg2 {Jaiveer,M (2242)-Amarasinghe,A (1867) chess.com INT 2024 1-0 (51)}) 9. c3 Nxe4 10. Re1 f5 $146 ({RR} 10... O-O-O 11. Rxe4 Rd1+ 12. Re1 Bxf3 13. Rxd1 Bxd1 14. Be3 Bg4 15. Nd2 Bd7 16. a4 a6 17. b4 Be7 18. Nc4 Be6 19. b5 Bxc4 20. bxc6 bxc6 21. Bxc6 Rd8 22. Be4 Bd3 23. Bc6 f5 24. f3 Bc4 25. a5 {Kriz,M-Pribyl,J (2425) Olomouc 1982 0-1 (31)}) 11. h3 Bh5 12. g4 Bf7 13. gxf5 Nd6 14. Nxe5 Nxe5 15. Rxe5+ Be7 16. Na3 a6 17. Bf4 Kf8 18. Nc2 Rc8 19. Nd4 Bf6 20. Ne6+ Bxe6 21. Rxe6 Nxf5 22. Bxb7 Rb8 23. Bxa6 Rxb2 24. Bxc7 Bxc3 25. Rc1 Bd4 26. Re2 Rxe2 27. Bxe2 Ke7 28. a4 Rc8 29. Bf4 Ra8 30. Rc4 g5 31. Bd2 Ke6 32. Bd3 Ba7 33. Rc6+ Nd6 34. Ra6 Kd7 35. Bb4 Nc8 36. Bb5+ Kc7 37. Rxh6 Bb6 38. Rh7+ Kb8 39. Bc6 Ra6 40. Rb7+ Ka8 41. Rxb6+ Ka7 42. Rxa6+ Kxa6 43. Bb5+ Kb6 44. Bd2 Nd6 45. Bxg5 1-0

[Event "Quezon City Puregold op"]
[Site "Quezon City"]
[Date "2014.12.19"]
[Round "8"]
[White "Demchenko, Anton"]
[Black "Sadorra, Julio Catalino"]
[Result "1-0"]
[WhiteElo "2611"]
[BlackElo "2575"]
[PlyCount "55"]
[EventDate "2014.12.14"]
[EventType "swiss"]
[EventRounds "9"]
[EventCountry "PHI"]
[SourceTitle "EXT 2016"]
[Source "ChessBase"]
[SourceDate "2015.10.08"]
[SourceVersion "1"]
[SourceVersionDate "2015.10.08"]
[SourceQuality "1"]

1. Nf3 Nf6 2. g3 d5 3. Bg2 e6 4. O-O c5 5. d3 Nc6 6. Nbd2 g6 7. e4 Bg7 8. Re1 O-O 9. c3 a5 10. a4 b6 11. e5 Nd7 12. d4 cxd4 13. cxd4 Ba6 14. Nf1 ({RR} 14. Nb3 Rc8 15. Bf1 Bxf1 16. Rxf1 Qe7 17. Be3 f6 18. exf6 Nxf6 19. Bg5 Qb4 20. Bxf6 Bxf6 21. Qd3 Qc4 22. Rfd1 Nb4 23. Qxc4 dxc4 24. Nbd2 Rfd8 25. Ne4 Bg7 26. Rac1 Nd3 27. Rc2 Bxd4 28. Rxd3 cxd3 {Fernandez,G (2147)-Shevchenko,Y (2092) chess.com INT 2025 0-1 (44)}) 14... f6 $146 ({RR} 14... Nb4 15. Bg5 f6 16. exf6 Bxf6 17. Bxf6 Qxf6 18. Ne3 Rae8 19. Ng4 Qg7 20. Re3 g5 21. Nfe5 Nxe5 22. Nxe5 Rc8 23. Bh3 Rfe8 24. Rc1 Qf6 25. Rf3 Qh6 26. Bg4 Rf8 27. Rxf8+ Qxf8 28. Bxe6+ {1-0 (28) Kobalia,M (2596)-Romanchuk,V (2266) Chess.com INT 2022}) ({RR} 14... Rc8 15. Bg5 Qe8 16. Ne3 h6 17. Bf4 g5 18. Bxg5 hxg5 19. Nxg5 f6 20. Nxe6 Qxe6 21. Bxd5 Qxd5 22. Nxd5 fxe5 23. Rc1 Rfe8 24. Qg4 Nxd4 25. Qxd7 Nf3+ 26. Kh1 Nxe1 27. Rxc8 Rxc8 {1-0 (27) Kobalia,M (2594)-Alavkin,A (2373) Chess.com INT 2021}) 15. Bh3 f5 16. Bg5 Qe8 17. Qd2 Rf7 18. Rec1 Nf8 19. Rc3 h6 20. Bxh6 Bxh6 21. Qxh6 Rh7 22. Qc1 Nxd4 23. Nxd4 Rxh3 24. Nd2 Nd7 25. Rc6 Nc5 26. Rxb6 Qe7 27. Rc6 Nd3 28. Rxa6 1-0

[Event "Zadar op-A"]
[Site "Zadar"]
[Date "2014.12.15"]
[Round "3"]
[White "Saric, Ante"]
[Black "Martinovic, Sasa"]
[Result "1-0"]
[WhiteElo "2552"]
[BlackElo "2535"]
[PlyCount "59"]
[EventDate "2014.12.14"]
[EventType "swiss"]
[EventRounds "9"]
[EventCountry "CRO"]
[SourceTitle "EXT 2016"]
[Source "ChessBase"]
[SourceDate "2015.10.08"]
[SourceVersion "1"]
[SourceVersionDate "2015.10.08"]
[SourceQuality "1"]

1. Nf3 d5 2. d4 Nf6 3. c4 c6 4. e3 e6 5. Bd3 Nbd7 6. b3 Bd6 7. Bb2 b6 8. Nbd2 Bb7 9. O-O O-O 10. Ne5 c5 11. cxd5 ({RR} 11. f4 cxd4 12. exd4 Ne4 13. cxd5 Nxd2 14. Qxd2 Bxd5 15. f5 Nxe5 16. dxe5 Bc5+ 17. Kh1 Be4 18. Rad1 exf5 19. Qc2 Qd5 20. Bxe4 Qxe4 21. Qc3 Rfd8 22. h3 Rxd1 23. Rxd1 Qe3 24. Qxe3 Bxe3 25. Rd7 a5 {Mellem,N (2122)-Strand,V (2133) Oslo NOR 2024 0-1 (34)}) 11... exd5 12. Nxd7 Nxd7 13. dxc5 Nxc5 $146 ({RR} 13... bxc5 14. Qc2 Qh4 15. f4 Rfe8 16. Rf3 c4 17. Bf5 Rxe3 18. Rxe3 Bc5 19. Nf1 d4 20. b4 Bb6 21. Rh3 Qxf4 22. Bxh7+ Kf8 23. Qf5 Qd6 24. Kh1 Nf6 25. Re1 Rd8 26. Qg5 Qd5 27. Bf5 Ng8 28. Ba3 {Dziuba,M (2561)-Raja,H (2377) Warsaw 2017 1-0 (32)}) ({RR} 13... bxc5 14. Qg4 g6 15. Nf3 Qe7 16. Rac1 f5 17. Qa4 Nf6 18. Ba6 Ne4 19. Qb5 Bxa6 20. Qxa6 Rad8 21. Qd3 Rf7 22. g3 Bb8 23. Rfd1 h6 24. b4 cxb4 25. Nd4 Re8 26. Nc6 Qe6 27. Qd4 Kh7 28. Qxd5 {Repplinger,M (2243)-Mainka,R (2425) Germany 2014 ½-½ (62)}) 14. Qg4 f6 15. Bc2 Qe7 16. Nf3 g6 17. Nd4 Kh8 18. Qh4 Kg8 19. Qh6 Ne4 20. f3 Ng5 21. Bxg6 Bc8 22. Bf5 Bc5 23. Bxc8 Qxe3+ 24. Kh1 Bxd4 25. Rae1 Qd3 26. Bxd4 Qxd4 27. Re7 Nf7 28. Be6 Qd3 29. Re1 Rad8 30. Bxf7+ 1-0

[Event "Beijing Sportaccord Basque (Women)"]
[Site "Beijing"]
[Date "2014.12.16"]
[Round "3.10"]
[White "Stefanova, Antoaneta"]
[Black "Cramling, Pia"]
[Result "1-0"]
[WhiteElo "2517"]
[BlackElo "2518"]
[PlyCount "83"]
[EventDate "2014.12.16"]
[EventType "swiss"]
[EventRounds "5"]
[EventCountry "CHN"]
[SourceTitle "CBM 163 Extra"]
[Source "ChessBase"]
[SourceDate "2014.12.23"]
[SourceVersion "1"]
[SourceVersionDate "2014.12.23"]
[SourceQuality "1"]

1. Nf3 d5 2. g3 c6 3. Bg2 Bg4 4. d3 Nd7 5. h3 Bh5 6. e4 ({RR} 6. g4 Bg6 7. Nh4 e6 8. Nxg6 hxg6 9. e3 Bd6 10. Qe2 Ne7 11. Nd2 g5 12. Nf3 Ng6 13. Bd2 Nde5 14. O-O-O Qf6 15. Bc3 Nxf3 16. Bxf6 {1-0 (16) Morozevich,A (2755)-Rublevsky,S (2676) Moscow 2007}) ({RR} 6. c4 e5 7. cxd5 cxd5 8. O-O Ngf6 9. Nc3 h6 10. Qb3 Qa5 11. Qxb7 Rb8 12. Qc6 d4 13. Ne4 Nxe4 14. dxe4 Qb5 15. Qd5 Be7 16. e3 Qxd5 17. exd5 d3 18. e4 O-O 19. g4 Bg6 20. Ne1 Nc5 {Stanojevic,I (2224)-Cherry,A (1991) chess.com INT 2025 1-0 (39)}) 6... dxe4 7. dxe4 e5 $146 ({RR} 7... Ne5 8. Nbd2 Nxf3+ 9. Bxf3 Bxf3 10. Qxf3 e6 11. O-O Nf6 12. e5 Nd7 13. Re1 Be7 14. Qg4 g6 15. Nf3 h5 16. Qe4 Nc5 17. Qe2 Qb6 18. Ng5 Rg8 19. Be3 Qxb2 20. Qf3 f5 21. Bxc5 Bxg5 22. Qd3 {Lehtinen,H (2205)-Laine,H (2230) Tampere 1997 0-1 (41)}) 8. O-O f6 9. Qe2 Bc5 10. a3 Ne7 11. b4 Bb6 12. Nbd2 Bc7 13. Rd1 Qb8 14. Nc4 Nb6 15. Ne3 a5 16. Bd2 O-O 17. bxa5 Nbc8 18. Nc4 Nd6 19. Bb4 Nec8 20. Nb6 Bxb6 21. axb6 Re8 22. g4 Bf7 23. a4 Nc4 24. a5 c5 25. Bxc5 Rxa5 26. Rxa5 Nxa5 27. Qb5 Nc6 28. Bf1 N8e7 29. Rd7 Qa8 30. Bc4 Qa1+ 31. Kg2 Qc3 32. Bxf7+ Kxf7 33. Qb3+ Qxb3 34. cxb3 Ke6 35. Rxb7 Ng6 36. Rxg7 Nce7 37. Rxh7 Rd8 38. h4 Rd1 39. b7 Nf4+ 40. Kg3 Nc6 41. b8=Q Nxb8 42. Re7# 1-0

[Event "EU-ch blitz"]
[Site "Wroclaw"]
[Date "2014.12.19"]
[Round "8"]
[White "Matlakov, Maxim"]
[Black "Bosiocic, Marin"]
[Result "1-0"]
[WhiteElo "2695"]
[BlackElo "2555"]
[PlyCount "76"]
[EventDate "2014.12.19"]
[EventType "swiss (blitz)"]
[EventRounds "11"]
[EventCountry "POL"]
[SourceTitle "CBM 164 Extra"]
[Source "ChessBase"]
[SourceDate "2015.03.02"]
[SourceVersion "1"]
[SourceVersionDate "2015.03.02"]
[SourceQuality "1"]

1. Nf3 f5 2. b4 d6 ({RR} 2... e5 3. Nxe5 Bxb4 4. g3 Nc6 5. Bb2 Nxe5 6. Bxe5 Qe7 7. Bb2 d5 8. Bg2 c6 9. e3 Nf6 10. O-O Be6 11. Nc3 O-O 12. Ne2 Rad8 13. a4 Bd6 14. d3 Bc8 15. a5 Rfe8 16. Qc1 Qf7 17. Bd4 {Carlsen,M (2861)-Adhiban,B (2603) chess24.com INT 2022 1-0 (53)}) 3. d4 g6 ({RR} 3... a5 4. b5 Nf6 5. c4 g6 6. Nc3 Bg7 7. a4 O-O 8. e3 Qe8 9. c5 h6 10. Ba3 Be6 11. Bd3 d5 12. Ne5 Nbd7 13. f4 Nxe5 14. fxe5 Ne4 15. Qc2 h5 16. O-O-O c6 17. b6 Bh6 18. Rde1 {Pribelszky,B (2392)-Gaehler,C (2198) chess.com INT 2024 1-0 (44)}) 4. g3 $146 ({RR} 4. e3 Bg7 5. Bb2 Nf6 6. c4 O-O 7. Nbd2 e6 8. Rc1 b6 9. c5 Bb7 10. Be2 Bd5 11. a3 Nc6 12. O-O h6 13. Ba6 Ne7 14. Qc2 g5 15. cxd6 cxd6 16. Qc7 Rf7 17. Qxd8+ Rxd8 18. Rc2 g4 {Meskovs,N (2558)-Gazik,V (2498) St Petersburg 2019 1-0 (56)}) 4... Bg7 5. Bb2 Nh6 6. Bg2 Nf7 7. O-O Nd7 8. c4 O-O 9. Nc3 e5 10. dxe5 dxe5 11. e4 f4 12. b5 g5 13. h3 h5 14. Nh2 Nf6 15. Nd5 h4 16. gxf4 gxf4 17. Kh1 c6 18. Nxf6+ Qxf6 19. Rg1 Be6 20. bxc6 bxc6 21. Bf3 Bxc4 22. Ng4 Qe7 23. Rc1 Rad8 24. Qc2 Bb5 25. a4 Rd3 26. axb5 Rxf3 27. Kg2 Ng5 28. bxc6 Rxh3 29. c7 Rc8 30. Kf1 Nf7 31. Qc4 Kh8 32. Kg2 Ng5 33. Qb5 a6 34. Qb7 Qd7 35. Nxe5 f3+ 36. Kf1 Rxc7 37. Qxc7 Qb5+ 38. Qc4 Qxb2 1-0

[Event "EU-ch blitz"]
[Site "Wroclaw"]
[Date "2014.12.19"]
[Round "8"]
[White "Neiksans, Arturs"]
[Black "Kulaots, Kaido"]
[Result "1-0"]
[WhiteElo "2559"]
[BlackElo "2563"]
[PlyCount "77"]
[EventDate "2014.12.19"]
[EventType "swiss (blitz)"]
[EventRounds "11"]
[EventCountry "POL"]
[SourceTitle "CBM 164 Extra"]
[Source "ChessBase"]
[SourceDate "2015.03.02"]
[SourceVersion "1"]
[SourceVersionDate "2015.03.02"]
[SourceQuality "1"]

1. Nf3 {Gormally,Daniel} Nf6 2. g3 b5 3. Bg2 Bb7 4. Na3 a6 ({RR} 4... b4 5. Nc4 Nc6 ({RR} 5... a5) 6. Nd4 d5 7. Nxc6 Bxc6 8. Na5) 5. c4 b4 6. Nc2 a5 ({RR} 6... c5 7. O-O e6 8. d4 cxd4 9. Ncxd4 Be7 10. b3 O-O 11. Bb2 d6 12. Qd2 Qb6 13. a3 bxa3 14. Bxa3) 7. O-O e6 8. d4 Be7 ({RR} 8... Be4) 9. d5 ({RR} 9. Bf4 O-O 10. Ne5 Bxg2 11. Kxg2 d6 12. Nd3 Nbd7 13. Re1 Qb8 14. e4 Qb7 15. f3 Rfd8 16. d5 Nf8 17. g4 c6 18. dxe6 Nxe6 19. Bg3 Nd7 20. Ne3 Ndc5 21. Nf5 Bf8 22. Nf4 Nxf4+ 23. Bxf4 Qd7 {Hamitevici,V (2470)-Kovalenko,I (2674) chess.com INT 2024 0-1 (43)}) 9... Na6 ({RR} 9... exd5 10. Nfd4 c6 11. cxd5 Nxd5 12. Nf5 O-O 13. e4) 10. Nfd4 Nc5 11. dxe6 $146 ({RR} 11. Nb3 exd5 12. cxd5 O-O 13. Bf4 Nxb3 14. axb3 d6 15. Ne3 Qd7 16. Nc4 Qb5 17. e4 a4 18. Re1 axb3 19. Qxb3 Nd7 20. Na3 Qb6 21. Be3 Nc5 22. Bxc5 Qxc5 23. Rec1 Qb6 24. Nc2 Bf6 25. Qxb4 Bxb2 {Neef,M (2479)-Postny,E (2617) Germany 2019 ½-½ (33)}) ({RR} 11. Re1 O-O 12. e4 e5 13. Nf5 d6 14. Bg5 ({RR} 14. Qf3 Nfd7) 14... Nxd5 ({RR} 14... h6 15. Bh4 ({RR} 15. Bxh6 gxh6 16. Qd2 Bc8) ({RR} 15. Be3 Bc8 ({RR} 15... Nfxe4 16. Bxe4 Nxe4 17. Qg4 Ng5 18. h4 h5 19. Nxe7+) 16. Qf3 Ncxe4) ({RR} 15. Bd2 Nd3 16. Bxh6 Nxe1 17. Bxg7 Bc8 ({RR} 17... Nxc2 18. Qxc2 Bc8) 18. Nce3 Nxg2 19. Kxg2 Re8) 15... Kh7 16. f4 Ng8 17. Nxe7 Nxe7 18. Ne3 f6) 15. Bh6 gxh6 16. Qg4+ Bg5 17. cxd5 Kh8 18. h4 Bf6 19. Nce3 Bc8 20. Qf3 Bg7 21. Bh3 Rg8 22. Bg4 Qf6 23. Bh5 Bxf5 24. Nxf5 c6 25. dxc6 Rac8 {Carlsen,M (2863)-Vachier Lagrave,M (2765) Shamkir 2015 CBM 166 [Gormally,Daniel] 1-0 (54)}) ({RR} 11. Nb3 Nxb3 12. axb3 exd5 13. Ne3 O-O 14. Nxd5 Nxd5 15. Bxd5 Bxd5 16. Qxd5 c6 17. Qd3 Bf6 18. Rd1 Qe7 19. Bf4 Rfe8 20. Rd2 h6 21. Bd6 Qe6 22. Kg2 Rec8 23. e4 Re8 24. f3 Bg5 25. f4 Be7 {Sepp,O (2431)-Kulaots,K (2570) Puhajarve 2015 1-0 (65)}) 11... fxe6 12. Bxb7 Nxb7 13. Bf4 O-O 14. Nb5 Ne8 15. e4 Nc5 16. Qe2 c6 17. Nbd4 Nd6 18. Rad1 Rxf4 19. gxf4 Ncxe4 20. Nf3 Qe8 21. Ne5 Nf6 22. Ne3 Nf7 23. Kh1 Bc5 24. Rg1 Qe7 25. Qd3 Rf8 26. Nxd7 Nxd7 27. Qxd7 Qf6 28. Qxc6 Ba7 29. Nd5 Qh4 30. Qxe6 Kh8 31. Qe7 Qxe7 32. Nxe7 Nh6 33. Nc6 Bxf2 34. Rg2 Bb6 35. Re2 Nf5 36. Re4 h5 37. Ne5 Kh7 38. Nd7 Rd8 39. Rd5 1-0

[Event "Belgrade Planetwin 365 op"]
[Site "Belgrade"]
[Date "2014.12.29"]
[Round "14"]
[White "Damljanovic, Branko"]
[Black "Perunovic, Milos"]
[Result "1-0"]
[WhiteElo "2552"]
[BlackElo "2696"]
[PlyCount "76"]
[EventDate "2014.12.29"]
[EventType "tourn (blitz)"]
[EventRounds "25"]
[EventCountry "SRB"]
[SourceTitle "CBM 164 Extra"]
[Source "ChessBase"]
[SourceDate "2015.03.02"]
[SourceVersion "1"]
[SourceVersionDate "2015.03.02"]
[SourceQuality "1"]

1. b3 b5 2. Bb2 Bb7 3. Nf3 Nf6 4. e3 a6 5. c4 bxc4 ({RR} 5... b4 6. d4 e6 7. Bd3 Be7 8. g4 Ne4 9. Rg1 O-O 10. Nbd2 Nxd2 11. Nxd2 c5 12. dxc5 Qc7 13. Qc2 h6 14. O-O-O a5 15. f4 a4 16. g5 h5 17. Rg3 axb3 18. axb3 Rc8 19. Rh3 Na6 20. Rxh5 {Li,R (2541)-Naroditsky,D (2618) chess.com INT 2023 1-0}) 6. bxc4 e6 7. Nc3 c5 8. Rb1 $146 ({RR} 8. Be2 Be7 9. O-O O-O 10. Rb1 d6 11. Ba1 Qc7 12. d3 Nc6 13. Nd2 Rab8 14. Qa4 Nd7 15. a3 Bf6 16. Nde4 Be7 17. Qc2 f5 18. Nd2 Bf6 19. f4 Ba8 20. Nb3 Na5 21. Nxa5 Qxa5 22. Rb3 Rxb3 {Barp,A (2470)-Collins,A (2176) chess.com INT 2024 ½-½ (48)}) ({RR} 8. Be2 Be7 9. O-O O-O 10. d4 cxd4 11. exd4 d6 12. Bd3 Nbd7 13. Re1 Qc7 14. Rc1 Rab8 15. Ba1 Rfc8 16. Qe2 h6 17. Nd2 Bf8 18. Nce4 Nxe4 19. Nxe4 d5 20. Nc5 Nxc5 21. dxc5 Qxc5 22. Qg4 dxc4 {Stolz,S (2086)-Issaad,P (1845) Ditzingen 2015 0-1 (33)}) 8... Nc6 9. Be2 Be7 10. O-O O-O 11. Nd5 exd5 12. Bxf6 Bxf6 13. Rxb7 dxc4 14. Qa4 Qc8 15. Rfb1 d5 16. h3 h6 17. R7b6 Ne7 18. Qa3 Ra7 19. Nh2 Ng6 20. Bg4 Qc7 21. Bf5 Ne7 22. Bc2 Be5 23. Ng4 Bd6 24. f4 h5 25. Nf2 Nc6 26. Qa4 Nb4 27. R6xb4 cxb4 28. Rf1 Bc5 29. Bb1 g6 30. f5 Qe5 31. Qc2 Bd6 32. Nh1 Qe4 33. Qd1 Qe5 34. Qc2 f6 35. fxg6 Rg7 36. Rf5 Qh2+ 37. Kf2 h4 38. Rxd5 Bg3+ 1-0

[Event "Belgrade Planetwin 365 op"]
[Site "Belgrade"]
[Date "2014.12.29"]
[Round "25"]
[White "Popovic, Dusan"]
[Black "Milanovic, Danilo"]
[Result "1-0"]
[WhiteElo "2628"]
[BlackElo "2555"]
[PlyCount "83"]
[EventDate "2014.12.29"]
[EventType "tourn (blitz)"]
[EventRounds "25"]
[EventCountry "SRB"]
[SourceTitle "CBM 164 Extra"]
[Source "ChessBase"]
[SourceDate "2015.03.02"]
[SourceVersion "1"]
[SourceVersionDate "2015.03.02"]
[SourceQuality "1"]

1. g3 d5 2. Bg2 c6 3. Nf3 Nf6 4. d3 Bf5 5. O-O h6 6. Nfd2 e6 7. e4 Bh7 8. Nc3 Be7 9. f4 ({RR} 9. h3 O-O 10. f4 Re8 11. g4 dxe4 12. dxe4 Na6 13. Qe2 Nc5 14. Nb3 Nxb3 15. axb3 Qc7 16. Be3 b5 17. e5 Nd5 18. Nxd5 cxd5 19. c3 a6 20. b4 Reb8 21. Bd4 a5 22. bxa5 Rxa5 23. Rxa5 Qxa5 {Henriquez Villagra,C (2603)-Trimitzios,P (2230) chess.com INT 2024 1-0}) 9... O-O 10. e5 Nfd7 11. Ne2 $146 ({RR} 11. Kh1 c5 12. Ne2 Nc6 13. g4 f6 14. exf6 Bxf6 15. Ng3 Kh8 16. Nh5 Nb6 17. Nf3 Be7 18. g5 g6 19. Ng3 h5 20. h4 Rf7 21. Bh3 Qd6 22. Bd2 Bf8 23. Qe2 Re8 24. Rae1 Bg7 25. c3 Nd7 {Bauza,A (2205)-Prasca Sosa,R (2415) ICC INT 2009 ½-½ (74)}) 11... c5 12. g4 Nc6 13. Nf3 b5 14. Ng3 Qc7 15. Kh1 Kh8 16. h4 f6 17. exf6 Nxf6 18. g5 Ng8 19. Qe1 Bd6 20. Qxe6 Rae8 21. Qg4 Bxf4 22. Nh5 Bxc1 23. Raxc1 Bf5 24. Qg3 Qxg3 25. Nxg3 Bd7 26. c3 Re3 27. d4 c4 28. Ne5 Rd8 29. Nf7+ Kh7 30. Nxd8 Nxd8 31. Rf3 Re7 32. Nf5 Re4 33. gxh6 g6 34. Ng3 Rxh4+ 35. Kg1 Nxh6 36. Re1 Be6 37. Rf6 Bg8 38. Re7+ Kh8 39. Rxg6 Ndf7 40. Rxa7 Rf4 41. Nh5 Rf5 42. Nf6 1-0

[Event "GEO-ch 74th"]
[Site "Tbilisi"]
[Date "2015.01.15"]
[Round "2"]
[White "Mchedlishvili, Mikheil"]
[Black "Sanikidze, Tornike"]
[Result "1-0"]
[WhiteElo "2587"]
[BlackElo "2508"]
[PlyCount "81"]
[EventDate "2015.01.10"]
[EventType "k.o."]
[EventRounds "4"]
[EventCountry "GEO"]
[SourceTitle "CBM 164 Extra"]
[Source "ChessBase"]
[SourceDate "2015.03.02"]
[SourceVersion "1"]
[SourceVersionDate "2015.03.02"]
[SourceQuality "1"]

1. Nf3 f5 2. d3 Nf6 3. e4 e6 4. e5 Nd5 5. d4 Be7 6. c4 Nb6 7. Nc3 d6 8. Be2 $146 ({RR} 8. a4 a5 9. Be2 Nc6 10. exd6 cxd6 11. d5 Nb4 12. dxe6 Bxe6 13. Nd4 Qd7 14. Nxe6 Qxe6 15. O-O O-O 16. Re1 Bf6 17. Nb5 Rad8 18. Bd2 Kh8 19. Bxb4 axb4 20. Qb3 Qe5 21. a5 Nc8 22. Bf3 Qxb2 {Pulpan,J (2410)-Cempel,J (2049) Bohumin 2020 1-0 (33)}) ({RR} 8. Bf4 O-O 9. h4 Nc6 10. a3 dxe5 11. dxe5 a5 12. Nb5 h6 13. h5 a4 14. Qc2 Na5 15. Rd1 Bd7 16. Rg1 Qc8 17. g4 Bc6 18. Nfd4 Be4 19. Bd3 c5 20. gxf5 Bxd3 21. Rxd3 cxd4 22. f6 Bxf6 {Sambuev,B (2385)-Grishin,E (2309) St Petersburg 2000 1-0}) 8... O-O 9. O-O Re8 10. Re1 N8d7 11. exd6 cxd6 12. Bd3 Nf8 13. b3 Bf6 14. Bf1 Ng6 15. Bb2 a6 16. a4 Nd7 17. a5 Ndf8 18. b4 Bd7 19. Na4 Bxa4 20. Qxa4 e5 21. dxe5 dxe5 22. Rad1 Qe7 23. c5 e4 24. Nd4 Nh4 25. c6 Kh8 26. b5 axb5 27. Qxb5 Rab8 28. Qa4 Nfg6 29. cxb7 Nf4 30. Nc6 Nh3+ 31. gxh3 Nf3+ 32. Kh1 Qc7 33. Be5 Rxe5 34. Qb3 Rxa5 35. Qxf3 exf3 36. Nxb8 Qxb8 37. Rc1 Ra8 38. bxa8=Q Qxa8 39. Ba6 Qf8 40. Rc8 Bd8 41. Rd1 1-0